[Event "Berlin Lichtenberger op 17th"]
[Site "Berlin"]
[Date "2018.08.21"]
[Round "4"]
[White "Adnan, Khalaf"]
[Black "Rehmsmeier, Marc"]
[Result "1-0"]
[WhiteElo "1585"]
[BlackElo "1735"]
[PlyCount "77"]
[EventDate "2018.08.18"]
[EventType "swiss"]
[EventRounds "9"]
[EventCountry "GER"]
[SourceTitle "CBM 186 Extra"]
[Source "ChessBase"]
[SourceDate "2018.08.24"]
[SourceVersion "1"]
[SourceVersionDate "2018.08.24"]
[SourceQuality "1"]

1. d4 d5 2. Bf4 Nf6 3. e3 e6 4. a3 c5 5. Nc3 a6 6. Nf3 Nc6 7. h3 Be7 8. Be2 0-0 9. 0-0 cxd4 10. exd4 b5 11. Re1 Ne8 12. Bf1 Nd6 13. Ne2 Bb7 14. Ng3 g6 15. Bh6 Re8 16. b3 Bf6 17. Qd2 Ne7 18. Bd3 a5 19. h4 Nc6 20. h5 Nxd4 21. Nxd4 Bxd4 22. c3 Bg7 23. hxg6 fxg6 24. Rac1 Rc8 25. Bxg7 Kxg7 26. Qf4 Rc7 27. Qg4 Qe7 28. Nh5+ Kh8 29. Nf4 Nf5 30. Rxe6 Qf7 31. Rxe8+ Qxe8 32. Bxf5 gxf5 33. Qxf5 Rf7 34. Qg4 Qe4 35. g3 d4 36. Qh3 Rg7 37. Nh5 Rf7 38. cxd4 Rxf2 39. Rc8+ 1-0

[Event "Berlin Lichtenberger op 17th"]
[Site "Berlin"]
[Date "2018.08.20"]
[Round "3"]
[White "Motsch, Sebastian"]
[Black "Adnan, Khalaf"]
[Result "0-1"]
[WhiteElo "1292"]
[BlackElo "1585"]
[PlyCount "64"]
[EventDate "2018.08.18"]
[EventType "swiss"]
[EventRounds "9"]
[EventCountry "GER"]
[SourceTitle "CBM 186 Extra"]
[Source "ChessBase"]
[SourceDate "2018.08.24"]
[SourceVersion "1"]
[SourceVersionDate "2018.08.24"]
[SourceQuality "1"]

1. e4 Nc6 2. Nf3 d5 3. exd5 Qxd5 4. Nc3 Qh5 5. Be2 Bg4 6. h3 e6 7. Ne4 Bd6 8. Nxd6+ cxd6 9. d3 Nge7 10. Be3 h6 11. Bf4 e5 12. Bh2 Bxf3 13. Bxf3 Qg5 14. 0-0 f5 15. c3 Qf6 16. Qa4 g5 17. Rfe1 h5 18. g4 hxg4 19. hxg4 Qh6 20. Bxe5 dxe5 21. Kf1 fxg4 22. Bxg4 Qd6 23. Qe4 Rf8 24. Ke2 Kd8 25. Qe3 Rf4 26. Bf3 g4 27. Be4 Kc7 28. Qg3 Raf8 29. Rf1 Qc5 30. f3 Qb5 31. b3 gxf3+ 32. Rxf3 Rxe4+ 0-1

[Event "Berlin-ch QT"]
[Site "Berlin"]
[Date "2017.04.09"]
[Round "1"]
[White "Adnan, Khalaf"]
[Black "Mai, Andreas"]
[Result "0-1"]
[WhiteElo "1639"]
[BlackElo "1991"]
[PlyCount "116"]
[EventDate "2017.04.09"]
[EventType "swiss"]
[EventRounds "9"]
[EventCountry "GER"]
[SourceTitle "CBM 189 Extra"]
[Source "ChessBase"]
[SourceDate "2019.06.03"]
[SourceVersion "1"]
[SourceVersionDate "2019.06.03"]
[SourceQuality "1"]

1. d4 Nf6 2. Bf4 g6 3. Nc3 Bg7 4. e4 d6 5. Qd2 c6 6. Nf3 0-0 7. Bh6 b5 8. Bxg7 Kxg7 9. a3 a5 10. Bd3 Ba6 11. 0-0 Nbd7 12. Rfe1 e5 13. Ne2 c5 14. c3 Qb6 15. dxe5 Nxe5 16. Nxe5 dxe5 17. Qg5 Qe6 18. Ng3 h6 19. Qd2 Rfd8 20. Qe3 Ng4 21. Qf3 Nf6 22. h4 Qg4 23. Qxg4 Nxg4 24. Be2 Nf6 25. h5 Rd2 26. hxg6 fxg6 27. Rab1 b4 28. Bxa6 Rxa6 29. Red1 Rad6 30. Rxd2 Rxd2 31. f3 Nd7 32. Nf1 Rd3 33. axb4 cxb4 34. cxb4 axb4 35. Kf2 Nb6 36. Ne3 Na4 37. Ke2 Rb3 38. Nd5 Nc3+ 39. Nxc3 bxc3 40. Kd3 Rxb2 41. Rxb2 cxb2 42. Kc2 Kf6 43. Kxb2 Kg5 44. g3 h5 45. Kc2 h4 46. gxh4+ Kf4 47. Kd2 Kxf3 48. Kd3 Kf4 49. Kd2 Kxe4 50. Ke2 Kf4 51. Kf2 Kg4 52. Ke3 Kxh4 53. Ke4 g5 54. Kxe5 Kg3 55. Ke4 g4 56. Ke3 Kh2 57. Kd4 g3 58. Kc5 g2 0-1